Principles of numerical analysis /

Guardado en:
Autor Principal: Householder, Alston Scott, 1904-
Formato: Libro
Idioma:English
Publicado: New York : McGraw-Hill, 1953.
Series:International series in pure and applied mathematics
Etiquetas: Agregar Etiqueta
Sin Etiquetas, Sea el primero en etiquetar este registro!
LEADER 00520nam a22001575a 4500
001 MAT.inmabb000333
008 730109s1953####nyu###########000#0#eng##
005 20110228182858.0
245 0 0 |a Principles of numerical analysis /  |c Alston S. Householder. 
260 |a New York :  |b McGraw-Hill,  |c 1953. 
300 |a x, 274 p. ;  |c 24 cm. 
490 0 |a International series in pure and applied mathematics 
510 4 |a MR,  |c 15,470b 
100 1 |a Householder, Alston Scott,  |d 1904- 
084 |a 65  |2 msc2000 
859 |h 65  |i H842  |p A-70  |b BIB. MATEMATICA